000 00575ntaaa2200205 4500
003 01
005 20251027202202.0
008 0714s1973 ag 01
040 _aAR-BaBN
_bspa
_cAR-BaBN
_eaacr
_dRIC
082 _a267.1300 R73
100 _aRoss, Jimmie M de
_920389
245 _aLa organización de la unión bautista de preparación
250 _a1 ed.
260 _aEl Paso :
_bCasa Bautista de Publicaciones,
_cn.f.
300 _a24 p
650 _aUnión bautista de preparación
_917021
650 _aintermedios
_99120
700 _aWilson, J
_920390
942 _cBK
999 _c16783
_d16783